000
00348pam a2200157a 44500
008
230515b1983 xxu||||| |||| 00| 0 eng d
020
_a
NULL
041
_a
ENGL
082
_a
621.38 /SMA
100
_a
SMALE P.H.
245
_a
TELECOMMUNICATION SYSTEMS
250
_a
N.D.
260
_a
NULL
_b
WHEEL
_c
1983
300
_a
121 PB
650
_a
NULL
999
_c
620653
_d
620653